Statistics for Harry Potter Characters

Click here to take the quiz!

General Stats

  • This quiz has been taken 27 times
  • The average score is 9 of 15

Answer Stats

HintAnswer% Correct
Ordinary boy with a famous scarHarry Potter
100%
Brainy girl with non magical lineage who is Harry's friendHermione Granger
92%
a friend of Harry's who happens to be half giantHagrid
68%
Slytherin jerk who's always teasing Harry and his frinedsDraco Malfoy
64%
Headmaster of HogwartsDumbledore
64%
Head of Slytherin HouseSnape
64%
Man who killed Harry's parents and give him his scarVoldemort
64%
forgetful boy who lives with his grandmotherNeville Longbottom
60%
Quirky Ravenclaw girl who is friends with harryLuna Lovegood
56%
Head of Gryffindor HousemcGonagall
56%
Head of Hufflepuff HouseSprout
56%
Head of Ravenclaw HouseFlitwick
52%
The minister of magic for most of Harry's time at HogwartsCornelius Fudge
48%
Ron's little sister (Harry marries her in the future)Ginny Weasely
12%
Poor boy with six siblings who is also Harry's friendRon Weasely
12%

Score Distribution

Percentile by Number Answered

Percent of People with Each Score

Your Score History

You have not taken this quiz